000 00398cam9a220016900 4500
001 tmp15945612
003 UPRA
005 20190830104323.0
008 951114s1991 xx eng u
035 _a(Sirsi) r25871
035 _a(UPRA)tmp15945612
040 _cUPRA
245 0 0 _aConstitutional law.
260 _c1991.
949 _aKB22
_wlcc
_i-26339
_mMAIN
_tBOOK
_lON-SHELF
004 25871
999 _c185736
_d185736